Normal view
MARC view
- Calculus of tensors
Entry Topical Term
001 - CONTROL NUMBER
- control field: 103308
003 - CONTROL NUMBER IDENTIFIER
- control field: NUST
005 - DATE AND TIME OF LATEST TRANSACTION
- control field: 20221121181049.0
008 - FIXED-LENGTH DATA ELEMENTS
- fixed length control field: 221121|| aca||aabn | a|a d
040 ## - CATALOGING SOURCE
- Original cataloging agency: NUST
- Transcribing agency: NUST
150 ## - HEADING--TOPICAL TERM
- Topical term or geographic name entry element: Calculus of tensors
- General subdivision: Problems, exercises, etc
670 ## - SOURCE DATA FOUND
- Source citation: Work cat.: (NUST)189517: Kay, David C., 94385, Schaum's outline of theory and problems of tensor calculus /, 1988.
